10 Najwartościowszych Turków - Statystyki

Ogólne statystyki
  • Ten quiz został rozwiązany 24 razy
  • Średni wynik to 4 z 10
Statystyki odpowiedzi
Wartość Piłkarz % Poprawnych
14,5 mln Calhanoglu
63%
32 mln Soyuncu
63%
24 mln Under
54%
27 mln Demiral
50%
12 mln Tosun
38%
29 mln Kabak
33%
16 mln Celik
21%
13 mln Yazici
21%
12,5 mln Kokcu
8%
12,5 mln Omur
8%
Nie znaleziono quizów pasujących do podanych kryteriów
Rozkład punktacji
Procent ludzi z każdym wynikiem
Percentyl według liczby udzielonych odpowiedzi
Twoja historia wyników
Nie rozwiązałeś tego quizu